[Event "EIWCC 2018"]
[Site "Vysoke Tatry"]
[Date "2018.04.10"]
[Round "3"]
[White "Batsiashvili, Nino"]
[Black "Ghukasyan, Siranush"]
[Result "1-0"]
[WhiteElo "2521"]
[BlackElo "2195"]
[Annotator "TA"]
[PlyCount "83"]
[EventDate "2018.??.??"]
[EventType "swiss"]
[EventCountry "SVK"]
[SourceTitle "playchess.com"]
[Source "ChessBase"]
[SourceQuality "1"]

{[%evp 14,83,16,23,21,0,9,7,19,10,41,37,37,34,34,32,44,16,30,25,20,21,57,62,64,43,35,38,74,81,66,72,75,66,77,68,70,73,81,81,62,63,106,101,105,100,195,186,195,189,193,189,185,179,205,201,177,155,320,330,554,549,1059,1074,726,647,1258,994,5385,5185,5065,4133]} 1. d4 d5 2. Bf4 Nf6 3. e3 e6 4. Nf3 c5 5. c3 Nc6 6. Nbd2 Be7 7. Bd3 Nh5 8. dxc5 {LiveBook: 3 Games. D02: 1 d4 d5 2 Nf3 sidelines, including 2...Nf6 3 g3 and 2...Nf6 3 Bf4} (8. Be5 f6 9. Bg3 g6 10. Qe2 Bd7 11. dxc5 Bxc5 12. e4 Nxg3 13. hxg3 dxe4 14. Bxe4 Kf7 15. O-O-O Qc7 {1-0 (24) Carlsen,M (2837)-Kryvoruchko,Y (2689) Riadh 2017}) 8... Bxc5 9. Qe2 $146 ({Find the theoretical novelty and annotate with similar games:} 9. O-O h6 10. Re1 O-O 11. Nb3 Bb6 12. Bc2 Bc7 13. Bg3 Bxg3 14. hxg3 Nf6 15. Nbd4 Qc7 {½-½ (34) Bagheri,A (2438)-Inkiov,V (2424) France 2002}) 9... Nxf4 10. exf4 {The position is equal.} Qe7 11. g3 Bd6 12. O-O O-O 13. Rfe1 Re8 14. Rad1 Bd7 15. Ne5 Bc7 16. Ndf3 {Hoping for Nxf7!} Nxe5 17. fxe5 f6 18. exf6 gxf6 19. c4 Ba5 20. Nd2 Bc6 21. a3 Bxd2 22. Rxd2 Rad8 23. Bf5 {[%cal Rf5e6]} e5 24. cxd5 Bxd5 25. Qe3 a6 26. Red1 Bc6 27. Be4 Bxe4 28. Qxe4 Rxd2 29. Rxd2 Rd8 (29... Kh8 $16) 30. Rxd8+ $18 Qxd8 31. Qxb7 {[%mdl 4096] Endgame KQ-KQ} Qd3 32. Kg2 e4 {[#]} 33. Qc8+ $1 Kf7 {intending ...Qf3+.} 34. Qf5 Kg7 35. h4 Qd2 $2 (35... Qe2 $16 36. b3 Qd1) 36. Qg4+ ({Not} 36. Qxe4 Qxb2 37. a4 a5 $16) 36... Kh8 $2 {[#]} (36... Kh6 37. Qxe4 Qxb2 38. Qe3+ Kh5) 37. Qxe4 {White is clearly winning.} Qxb2 38. Qa8+ Kg7 39. Qxa6 Qb3 40. Qa7+ Kg6 41. Qa8 f5 42. a4 {Precision: White = 75%, Black = 37%.} 1-0

[Event "EIWCC 2018"]
[Site "Vysoke Tatry"]
[Date "2018.04.10"]
[Round "3"]
[White "Gunina, Valentina"]
[Black "Ilyuchyk, Yana"]
[Result "1-0"]
[WhiteElo "2507"]
[BlackElo "2098"]
[Annotator "TA"]
[PlyCount "73"]
[EventDate "2018.??.??"]
[EventType "swiss"]
[EventCountry "SVK"]
[SourceTitle "playchess.com"]
[Source "ChessBase"]
[SourceQuality "1"]

{[%evp 23,73,59,62,30,67,56,56,47,51,41,47,28,101,87,95,85,94,103,106,89,136,99,164,165,192,133,170,139,237,236,290,307,309,302,291,285,657,603,571,528,914,893,12836,12836,12836,12827,5118,5094,29988,29989,29991,29992]} 1. d4 Nf6 2. c4 d6 3. Nc3 Nbd7 4. e4 e5 5. Nf3 g6 6. Be2 Bg7 7. O-O O-O 8. Be3 c6 9. Qc2 Ng4 10. Bg5 Bf6 11. Bxf6 Ngxf6 12. Rad1 Qe7 {LiveBook: 12 Games} 13. d5 $146 {E94: King's Indian: Classical: 6 Be2 e5 7 0-0: Various Black 7th moves} ({Predecessor:} 13. c5 dxc5 14. dxe5 Ng4 15. e6 fxe6 16. Nd2 Nh6 17. Nc4 e5 18. Nd6 Nf6 19. Bc4+ Kg7 20. a4 b6 {0-1 (49) Bosiocic,M (2542)-Kozul,Z (2590) Zadar 2013}) 13... c5 14. Ne1 Ne8 15. Nd3 {White is slightly better.} Ng7 16. Rde1 f5 17. f4 fxe4 (17... exf4 $11 18. Bf3 (18. Nxf4 Ne5 $11) 18... Ne5) 18. Nxe4 $16 exf4 19. Bg4 ({Don't play} 19. Rxf4 $6 Rxf4 20. Nxf4 Ne5 $11) 19... Ne5 20. Nxd6 Qxd6 21. Nxe5 Bxg4 22. Nxg4 Nf5 (22... b5 $16 {is a better defense.}) 23. Re6 $18 Qc7 {[#]} 24. Qe4 (24. Nf6+ $1 $18 Kh8 25. Qe4) 24... Qg7 $16 25. Rf2 ({Much less strong is} 25. Qxf4 $6 Qxb2 26. Rd1 Qc2 $14) 25... Rad8 (25... f3 $16) 26. Qxf4 $18 Nd4 27. Nh6+ Kh8 28. Nf7+ Rxf7 29. Qxf7 Nxe6 $2 {[#]} (29... Qxf7 30. Rxf7 Nxe6) 30. Qxe6 {[%mdl 4096] Endgame KQR-KQR} ({Worse is} 30. dxe6 Rd1+ 31. Rf1 Qxf7 $11) 30... b5 31. cxb5 Qd4 32. Qe7 Qd1+ 33. Rf1 Qd4+ 34. Kh1 Rg8 35. d6 {[%cal Bd5d6,Bd6d7][%mdl 32]} Qxb2 36. d7 Qd4 37. h3 {Precision: White = 62%, Black = 32%.} 1-0

[Event "EIWCC 2018"]
[Site "Vysoke Tatry"]
[Date "2018.04.10"]
[Round "3"]
[White "Sebag, Marie"]
[Black "Badelka, Olga"]
[Result "1-0"]
[WhiteElo "2492"]
[BlackElo "2375"]
[Annotator "TA"]
[PlyCount "85"]
[EventDate "2018.??.??"]
[EventType "swiss"]
[EventCountry "SVK"]
[SourceTitle "playchess.com"]
[Source "ChessBase"]
[SourceQuality "1"]

{[%evp 19,85,20,32,6,18,21,40,27,19,21,30,23,49,29,68,80,81,89,86,70,95,57,80,0,0,0,39,15,20,20,66,54,118,85,95,103,124,72,73,74,75,79,147,103,450,455,386,370,621,566,545,272,262,258,441,436,548,545,579,570,864,864,1137,1120,1045,951,29989,29977]} 1. e4 c5 2. Nf3 Nc6 3. Bb5 e6 4. O-O Nge7 5. d4 cxd4 6. Nxd4 Qb6 7. Nxc6 {B30: Sicilian: 2...Nc6 3 Bb5, lines without ...g6} bxc6 8. Bd3 Ng6 9. c4 Be7 10. Nc3 O-O {LiveBook: 6 Games} 11. Rb1 Qc7 12. Be3 c5 $146 ({Find the theoretical novelty and annotate with similar games:} 12... e5 13. g3 d6 14. b4 Be6 {1-0 (45) Caruana,F (2779)-Gelfand,B (2764) Elancourt 2013}) 13. Qd2 a6 14. f4 d6 15. a3 Bd7 16. b4 cxb4 17. axb4 Rfc8 18. Rfc1 Bf6 19. Ne2 Qb7 20. Bf2 Rab8 21. Nc3 (21. Rc2 $16) 21... Bc6 $11 22. Qe3 Qe7 (22... Bxc3 $5 23. Rxc3 e5 $11) 23. b5 axb5 24. cxb5 Bd7 25. Ne2 Qd8 (25... Rxc1+ $14 26. Qxc1 (26. Nxc1 e5 $14) (26. Rxc1 Bxb5 27. Rb1 Qd7 $11) 26... Bc8) 26. b6 Rxc1+ 27. Qxc1 Ne7 28. Qa3 (28. Ba6 $142) 28... Bc6 $16 29. Nd4 $36 {[%mdl 2048] White is really pushing.} Bxd4 30. Bxd4 e5 (30... Bb7 $142) 31. fxe5 d5 $2 {[%mdl 8192]} (31... dxe5 $16 {is more resistant.} 32. Be3 (32. Bxe5 Rxb6 33. Rd1 Rb7 $16) 32... h6) 32. Qd6 $18 dxe4 33. Ba6 Qe8 $2 (33... Nf5 34. Qxd8+ Rxd8) 34. e6 {[#] Strongly threatening exf7+.} f6 35. Rc1 (35. Bc5 $142 Bb7 36. Bb5 (36. Qxe7 Qxe7 37. Bxe7 Bxa6 $16)) 35... Rd8 36. Qc5 e3 $2 (36... Ra8) 37. Bxe3 Qg6 {[%csl Gc6][%cal Rg6g2] [#]} 38. Bf1 Qe4 39. Bf2 Qxe6 40. Re1 Be4 41. Bc4 Nd5 42. b7 Qg4 43. Rxe4 {Precision: White = 53%, Black = 35%.} 1-0

[Event "EIWCC 2018"]
[Site "Vysoke Tatry"]
[Date "2018.04.10"]
[Round "3"]
[White "Stefanova, Antoaneta"]
[Black "Eric, Jovana"]
[Result "1-0"]
[WhiteElo "2479"]
[BlackElo "2300"]
[Annotator "TA"]
[PlyCount "51"]
[EventDate "2018.??.??"]
[EventType "swiss"]
[EventCountry "SVK"]
[SourceTitle "playchess.com"]
[Source "ChessBase"]
[SourceQuality "1"]

{[%evp 9,51,49,35,43,27,30,59,3,35,-22,37,33,21,27,79,95,134,141,125,94,125,97,91,71,283,287,287,279,274,254,394,398,418,349,420,435,748,741,1508,1496,2099,2102,2015,2006]} 1. d4 f5 2. Bg5 g6 3. h4 h6 (3... Bg7 4. h5 h6 5. Bd2 g5 6. e3 d6 7. c4 e5 8. Bc3 Nc6 9. Nf3 e4 10. Nfd2 Nf6 11. d5 Ne5 12. Bxe5 dxe5 {0-1 (45) Korobov,A (2693)-Bartel,M (2664) Wroclaw 2014}) 4. Bf4 Nf6 5. Qd3 d6 6. Nc3 {A80: Dutch Defence: Unusual White second moves} Nc6 $146 ({Predecessor:} 6... Bg7 7. f3 Nh5 8. Bh2 e5 9. O-O-O exd4 10. Nb5 Nc6 11. g4 {0-1 (34) Cornette,M (2399)-Sorbe,S (2260) France 2003}) 7. O-O-O a6 8. f3 (8. e4 $14) 8... Bd7 9. g4 ({White should play} 9. e4 $14) 9... e6 (9... e5 $11 10. dxe5 dxe5) 10. gxf5 $14 gxf5 11. e4 fxe4 (11... Qe7 $11 {remains equal.}) 12. fxe4 $16 Nh5 13. Bh2 Qf6 {[#]} 14. e5 $1 {[%mdl 512]} dxe5 15. dxe5 {[%csl Gd1][%cal Rd3d7]} Qf7 16. Bg2 {aiming for Nge2.} Nb4 $2 (16... Bb4 $16) 17. Qe3 $18 Bc6 18. Bxc6+ Nxc6 19. Nge2 {Threatens to win with Ne4.} Rd8 {[#]} (19... Be7 $142 20. Rhf1 Qg6) 20. Rdf1 $1 {[%cal Rf1f7]} Qe7 21. Qe4 Rg8 22. Qf3 Ng7 (22... Kd7 $142 23. Rd1+ Kc8 24. Rxd8+ Nxd8 25. Qxh5 Qf7 26. Qxf7 Nxf7) 23. Ne4 Nf5 24. Nf6+ Kf7 25. Qh5+ Rg6 26. Rhg1 {Precision: White = 73%, Black = 25%.} 1-0

[Event "EIWCC 2018"]
[Site "Vysoke Tatry"]
[Date "2018.04.10"]
[Round "3"]
[White "Cramling, Pia"]
[Black "Kejzar, Petra"]
[Result "1-0"]
[WhiteElo "2472"]
[BlackElo "2071"]
[Annotator "TA"]
[PlyCount "67"]
[EventDate "2018.??.??"]
[EventType "swiss"]
[EventCountry "SVK"]
[SourceTitle "playchess.com"]
[Source "ChessBase"]
[SourceQuality "1"]

{[%evp 13,67,31,24,-8,0,-7,61,15,66,-5,86,89,273,279,281,282,282,289,289,276,286,279,287,287,287,280,355,362,360,363,356,364,358,358,340,342,395,383,393,373,517,512,512,516,497,504,575,572,543,522,786,778,2267,2193,6383,905]} 1. d4 f5 2. Nc3 Nf6 3. Bg5 d5 4. e3 e6 5. Nf3 Be7 6. Bd3 O-O {A80: Dutch Defence: Unusual White second moves} 7. Ne2 (7. O-O Ne4 8. Bxe7 Qxe7 9. Ne2 Nd6 10. Rc1 Nd7 11. c4 c6 12. Qb3 Kh8 13. Qa3 a5 14. Ne5 {½-½ (45) So,W (2770)-Carlsen,M (2855) Leuven 2016}) 7... c5 {[#] LiveBook: 4 Games. Hoping for ...c4.} 8. c3 Nc6 {The position is equal.} 9. O-O Qe8 $146 (9... c4 $11 10. Bc2 h6 11. Bxf6 Bxf6) ({Predecessor:} 9... Bd7 10. c4 cxd4 11. exd4 Ne4 12. Bxe7 Qxe7 13. cxd5 exd5 14. Bb5 {0-1 (71) Abdulla,A (2350)-Kobalia,M (2505) Calicut 1998}) 10. b3 Bd7 (10... cxd4 $11 11. cxd4 (11. exd4 Bd7 $11) (11. Nexd4 Bd7 $11) 11... Bd7) 11. a3 (11. dxc5 $14 h6 12. Bxf6 Bxf6 13. Nfd4) 11... Na5 {[#]} (11... h6 $11 12. Bxf6 Bxf6) 12. dxc5 $1 $16 Bb5 $2 (12... h6 $16) 13. Bxb5 $18 Qxb5 14. Ned4 Qd7 15. Ne5 Qc8 16. b4 Nc6 17. Nexc6 bxc6 18. Qa4 h6 19. Nxc6 Qe8 20. Nxe7+ Qxe7 21. Bxf6 Rxf6 22. Rad1 f4 23. exf4 Rxf4 {If only Black now had time for ...Qxc5....} 24. Rd4 Rf6 25. Qc2 Raf8 26. c4 e5 27. Rxd5 {White is clearly winning.} e4 {aiming for ...e3.} 28. Qe2 e3 {( -> ...exf2+)} 29. f3 g5 30. Re1 Re6 31. Rd6 Re5 32. Qd3 Qh7 33. Rg6+ Kh8 34. Qd6 {Precision: White = 69%, Black = 19%.} 1-0

[Event "EIWCC 2018"]
[Site "Vysoke Tatry"]
[Date "2018.04.10"]
[Round "3"]
[White "Girya, Olga"]
[Black "Ozturk, Kubra"]
[Result "1/2-1/2"]
[WhiteElo "2470"]
[BlackElo "2295"]
[Annotator "TA"]
[PlyCount "200"]
[EventDate "2018.??.??"]
[EventType "swiss"]
[EventCountry "SVK"]
[SourceTitle "playchess.com"]
[Source "ChessBase"]
[SourceQuality "1"]

{[%evp 16,200,13,0,4,11,13,0,22,26,18,23,47,52,53,27,27,26,31,21,15,16,32,28,45,33,45,39,64,70,72,72,83,79,73,79,87,70,143,143,145,122,170,97,105,75,114,81,70,64,110,98,99,109,128,111,114,110,111,112,114,111,110,104,96,0,110,110,113,98,105,104,123,125,123,125,133,127,116,102,110,106,109,108,298,329,303,301,309,270,270,137,231,237,186,179,191,0,80,80,87,87,94,94,153,153,157,136,131,129,147,112,147,147,181,147,147,138,292,258,531,487,1435,1048,1371,706,1112,325,325,325,11108,6996,12835,12836,12838,12831,12831,12831,12837,12829,12827,12827,11605,12583,7789,7565,7682,7266,7261,7219,6995,5976,7370,6127,5261,139,1383,1315,7789,139,355,139,139,132,132,125,125,79,79,79,79,79,79,79,79,0,0,0,0,0,0,0,0,0,0,0,0]} 1. d4 d5 2. Nf3 Nf6 3. c4 e6 4. Nc3 Be7 5. Bf4 O-O 6. e3 b6 7. cxd5 Nxd5 8. Nxd5 {D37: Queen's Gambit Declined: 5 Bf4} Qxd5 9. Be2 {LiveBook: 9 Games} Qa5+ $146 ({Predecessor:} 9... Bb7 10. Bxc7 Qa5+ 11. Kf1 Nd7 12. h4 Rac8 13. Bf4 Rfd8 14. Kg1 Bxf3 15. Bxf3 e5 {½-½ (31) Ding,L (2769)-So,W (2799) Berlin 2018}) 10. Nd2 {[%cal Bf3d2,Bd2c4,Bc4d6,Bd6b5,Bb5d4,Bd4c6][%mdl 32]} Ba6 11. O-O Bxe2 12. Qxe2 c5 13. dxc5 Qxc5 14. Rfc1 Qf5 15. Nc4 (15. Nf3 {is more complex.} Rd8 16. Nd4 Qf6 17. Qf3 Na6 18. Nc6) 15... Nd7 {[%cal Bb8d7,Bd7c5,Bc5e4,Be4c3][%mdl 32]} 16. Bd6 Bxd6 17. Nxd6 Qe5 18. Nb5 Nc5 19. b4 Ne4 20. Nd4 Rac8 21. Rc2 a5 22. bxa5 Qxa5 23. Nc6 $1 $36 {[%cal Rc6a5][%mdl 2048] White is in control.} Qa3 24. Qb5 Nc3 25. Qxb6 Nd5 26. Qb3 Qd6 (26... Ra8 $14 27. Rac1 h6) 27. Rac1 $16 {And now Qd3 would win.} Ra8 28. g3 h5 29. Qc4 ({White should play} 29. a4 $18) 29... Ne7 30. Qf4 Qd7 31. Ne5 Qb5 32. Rc5 Qa4 33. Qf3 Qxa2 34. Qxh5 Nd5 35. R5c4 {White wants to mate with Rh4.} Nf6 36. Qh4 Qb2 37. Nc6 {[%cal Rc6e7]} Rfe8 38. R4c2 Qb5 39. Rc5 Qb2 40. R5c2 Qb5 $1 41. Qd4 Ra4 42. Rc4 Ra2 43. Ne5 Qa5 44. Rc8 Rd2 45. Rxe8+ Nxe8 46. Qf4 Nd6 47. Rb1 {Intending Rb8+ and mate.} Qc7 48. Qa4 Kh7 49. Nf3 Rd5 $2 (49... Rc2 $16) 50. Qh4+ $18 Kg8 51. Ng5 Ne8 52. Qh7+ (52. e4 $6 Rc5 $18) 52... Kf8 53. Qh8+ Ke7 54. Nh7 $1 Kd8 55. e4 Qc2 56. Re1 $2 (56. Rb8+ $18 Kc7 57. Ng5 (57. exd5 Qd1+ 58. Kg2 Qxd5+ 59. f3 Qd2+ 60. Kh1 Qd1+ 61. Kg2 Qd2+ 62. Kg1 Qe1+ 63. Kg2 Qd2+ $11) (57. Rxe8 {leads to mate.} Qb1+ 58. Kg2 Qxe4+ 59. f3 Qc2+ 60. Kh3 Rh5+ 61. Kg4 Qf5#) (57. Qxe8 Rd1+ 58. Kg2 Qxe4+ 59. Kh3 Qxh7+ 60. Kg2 Qe4+ 61. Kh3 Qf5+ 62. Kg2 Qe4+ 63. Kh3 Qf5+ 64. Kg2 Qe4+ $11) 57... Rd1+ 58. Kg2 Kxb8 59. Qxe8+ Qc8 60. Qxf7) 56... Rd1 (56... Rb5 $1 $11) 57. Rxd1+ $16 Qxd1+ 58. Kg2 Qh5 59. h4 Qh6 (59... f6 $142) 60. Ng5 Ke7 61. Qxh6 gxh6 {[%mdl 4096] Endgame KN-KN} 62. Nf3 Nd6 63. Nd2 f6 64. Kf3 Kf7 65. Ke3 Kg6 66. Kd4 Nf7 $2 (66... Kf7 $16 {is a better defense.} 67. Nc4 Nb5+ 68. Kd3 h5) 67. Nc4 $18 Kg7 $2 (67... Kh5 68. e5 fxe5+ 69. Ke4 (69. Nxe5 Nd6 $18) 69... Nd8 70. Kxe5 Kg6) 68. f4 Kf8 (68... h5 $142 69. Kc5 Kf8) 69. h5 Ke7 70. Kc5 Kd7 71. Kb6 $2 (71. g4 Kd8 72. e5) 71... e5 72. Kc5 exf4 $2 (72... Ke6 73. Ne3 exf4 74. gxf4 Nd6) 73. gxf4 {[%cal Bg3f4,Bf4f5][%mdl 32]} Nd8 74. f5 $1 Ke7 75. Nd6 Kd7 76. Kd5 Nc6 77. Nc4 Nb4+ {[#]} 78. Kd4 $1 Ke7 79. Ne3 Nc6+ 80. Kc5 Ne5 81. Nd5+ Kf7 82. Nf4 Nf3 83. Kd6 Nd2 84. Kd5 Kg7 85. Nd3 $2 (85. Kd4 $18 Nf1 86. Kd3) 85... Nf1 $2 {[%mdl 8192]} (85... Kf7 $16 86. Nf2 Nf1) 86. Kd4 Nd2 87. Nc5 $2 (87. Ke3 $18 {is the precise move to win.} Nf1+ 88. Kf4) 87... Nf3+ $2 {[#]} (87... Kf7 $16 88. Ne6 Ke7) 88. Kd5 $2 (88. Ke3 $1 $18 {[%cal Re3f3] and the rest is easy.} Ne5 89. Nd3) 88... Kf7 $16 89. Nd3 Nd2 90. Nf2 {Threatens to win with Ng4.} Nf1 91. Ng4 Ng3 92. Nxh6+ Kg7 93. Ng4 Nxh5 94. Ke6 {Strongly threatening Ke7.} Nf4+ 95. Ke7 (95. Kd6 $16) 95... Nh5 $11 {The position is equal.} 96. Ne3 Kh6 $1 97. Nd5 Kg5 98. Kf7 Ng3 99. Nxf6 {aiming for Ke6.} Nxe4 100. Nxe4+ Kxf5 {Precision: White = 57%, Black = 40%.} 1/2-1/2

[Event "EIWCC 2018"]
[Site "Vysoke Tatry"]
[Date "2018.04.10"]
[Round "3"]
[White "Cornette, Deimante"]
[Black "Hoolt, Sarah"]
[Result "1-0"]
[WhiteElo "2467"]
[BlackElo "2393"]
[Annotator "TA"]
[PlyCount "145"]
[EventDate "2018.??.??"]
[EventType "swiss"]
[EventCountry "SVK"]
[SourceTitle "playchess.com"]
[Source "ChessBase"]
[SourceQuality "1"]

{[%evp 25,145,24,29,27,29,19,27,16,31,17,17,17,10,-10,-4,-4,-5,-4,0,-8,0,-19,42,33,25,21,59,57,58,33,114,107,100,118,101,108,94,93,95,92,93,92,104,43,41,12,35,31,33,31,34,31,92,83,128,131,132,139,176,47,22,25,29,0,5,0,0,-22,-25,-23,-25,-39,-14,-16,-17,-26,0,0,19,23,31,46,41,35,640,572,833,798,885,885,885,885,885,885,885,885,788,758,29972,445,490,461,345,339,29970,339,29972,29973,29973,29974,29974,29975,29975,29976,29977,29978,29977,29979,29981,29981,29980,29981]} 1. e4 e5 2. Nf3 Nf6 3. Nxe5 d6 4. Nf3 Nxe4 5. d3 Nf6 6. d4 d5 7. Bd3 Bd6 8. Qe2+ Qe7 9. Qxe7+ Kxe7 10. O-O {C01: French: Exchange Variation} Re8 (10... Nc6 11. Re1+ Kf8 12. c3 Bg4 13. Nh4 Ne7 14. g3 Re8 15. Nd2 g6 16. Ndf3 Kg7 17. Ne5 Be6 {½-½ (30) Kovalev,V (2636)-Duda,J (2706) Heraklio 2017}) 11. Re1+ Kf8 12. Rxe8+ Kxe8 13. Nc3 c6 {LiveBook: 4 Games} 14. Bg5 Nbd7 15. Re1+ Kf8 16. Ne5 h6 17. Bf4 Bb4 $146 ({Find the theoretical novelty and annotate with similar games:} 17... Be7 18. h3 Nxe5 19. Bxe5 {½-½ (30) Dai,C (2361)-Wang,Y (2442) China 2016}) 18. a3 Nxe5 19. dxe5 Bxc3 $1 20. bxc3 Ne4 21. c4 Nc5 22. Be2 $36 {[%mdl 2048] White is pushing.} d4 23. g4 Be6 ({Better is} 23... Bd7 $11) 24. Rd1 $1 $14 g5 25. Bc1 Nd7 26. f4 gxf4 27. Rxd4 Kg7 (27... Nxe5 $14 28. Bxf4 f6) 28. Bxf4 $16 c5 29. Rd6 Nb6 30. h3 Re8 31. Kf2 Nc8 32. Rd1 Nb6 33. Rb1 Re7 34. g5 (34. Rb5 $1 $16) 34... h5 $14 35. Rb5 Bxh3 36. Bxh5 Nxc4 37. Rxc5 Be6 38. Be2 Nxa3 (38... Nb2 $14) 39. Bc1 $16 b6 40. Rc6 Nb1 {[#]} 41. Bd3 $1 Bd5 {[#]} 42. Rd6 ({White has to play} 42. Rc8 $1 $18) 42... Nc3 $14 43. Ke3 {Strongly threatening Bd2.} Be6 44. Ba3 {aiming for Rd8.} Re8 45. Kd4 Nd1 46. Bb5 Rh8 47. Bc1 Rh4+ 48. Kd3 Rh3+ 49. Kd2 Nf2 50. Bd3 Rg3 51. Ke2 Nh3 52. g6 Rg4 53. gxf7 Kxf7 54. Rc6 {Black must now prevent Rc7+.} Bd5 $2 {[%mdl 8192]} (54... Rg2+ $14 55. Ke3 Rg1) 55. Rf6+ $18 Kg8 56. Bh6 {[%csl Gh6][%cal Rf6f8]} Kh8 57. e6 Bxe6 58. Rxe6 Nf4+ 59. Bxf4 Rxf4 {[%mdl 4096] Endgame KRB-KR} 60. Re8+ Kg7 61. Re7+ Rf7 62. Re6 (62. Rxf7+ $142 Kxf7 63. Ke3 Ke7 64. Kd4 Kd6 65. c3 Kc6 66. Kc4 a6 67. Be4+ Kd6 68. Bb7) 62... Rc7 63. Kd2 Kf7 64. Rh6 {Hoping for Rh7+.} Ke8 $2 (64... Kg8 $18 65. Ke3 Re7+ 66. Kd4 Rc7) 65. Bb5+ $2 (65. Rh8+ {NOTEXT} Kd7 66. Rh7+ Kd6 67. Rxc7 Kxc7 68. Kc3 Kc6 69. Kc4 a6 70. Be4+ Kd6 71. Bb7) 65... Kd8 $2 (65... Kf8 $18 66. Bd3 Ke8) 66. Rh8+ {White mates.} Ke7 67. Rh7+ Kd6 68. Rxc7 Kxc7 69. Kc3 Kb7 70. Kd4 a6 71. Bd3 b5 72. Kc5 Ka7 73. Be4 {Precision: White = 61%, Black = 44%.} 1-0

[Event "EIWCC 2018"]
[Site "Vysoke Tatry"]
[Date "2018.04.10"]
[Round "3"]
[White "Bodnaruk, Anastasia"]
[Black "Fuchs, Judith"]
[Result "0-1"]
[WhiteElo "2460"]
[BlackElo "2286"]
[Annotator "TA"]
[PlyCount "96"]
[EventDate "2018.??.??"]
[EventType "swiss"]
[EventCountry "SVK"]
[SourceTitle "playchess.com"]
[Source "ChessBase"]
[SourceQuality "1"]

{[%evp 11,96,21,79,0,0,0,0,0,0,0,0,-4,7,6,22,21,10,4,5,6,23,19,26,0,26,33,17,-14,47,-26,-28,-36,-35,-38,-42,-62,-55,-54,-56,-173,-137,-203,-194,-219,-211,-214,-222,-153,-135,-130,-123,-227,-225,-219,-210,-203,-170,-230,-228,-277,-256,-429,-416,-426,-420,-408,-411,-573,-567,-614,-604,-608,-605,-592,-589,-779,-600,-601,-579,-577,-571,-670,-667,-637,-572,-607,-596]} 1. e4 c5 2. Nf3 d6 3. d4 cxd4 4. Nxd4 Nf6 5. Nc3 Bd7 6. f3 {B56: Classical Sicilian: Unusual Lines} (6. Be2 Nc6 7. Be3 e6 8. g4 h6 9. f4 Nxd4 10. Qxd4 e5 11. fxe5 Nxg4 12. O-O-O Nxe3 13. Qxe3 Qg5 14. Qxg5 hxg5 15. exd6 O-O-O {½-½ (32) So,W (2812)-Carlsen,M (2832) Leuven 2017}) 6... e6 {LiveBook: 3 Games} (6... e5 $11 {remains equal.} 7. Nb3 Be7) 7. Ndb5 $146 (7. g4 $16) ({Predecessor:} 7. Be3 Nc6 8. Qd2 d5 9. exd5 Nxd5 10. Nxd5 exd5 11. O-O-O Be7 12. Ne2 Rc8 13. Nc3 Be6 14. Nxd5 {1-0 (28) Nevostrujev,V (2471)-Tseshkovsky,V (2572) Sochi 2006}) 7... Bxb5 $11 8. Bxb5+ {The position is equal.} Nc6 9. O-O Be7 10. Kh1 O-O 11. f4 Qb6 {next ...Nxe4! is good for Black.} 12. Bd3 Rac8 13. a3 Nd7 {[%cal Bf6d7,Bd7c5,Bc5d3][%mdl 32]} 14. Qh5 Nc5 15. Rf3 Nxd3 16. Rxd3 Qf2 {[%cal Rf2f1] [#]} 17. Qd1 (17. Bd2 {keeps more tension.} g6 18. Qb5 Rb8 19. Be3 Qh4 20. Rd2) 17... Qc5 18. Be3 Qc4 19. Qh5 f5 (19... Bf6 $11) 20. Rad1 (20. exf5 $14 Rxf5 21. Qh3) 20... fxe4 21. b3 Qa6 22. Nxe4 d5 $1 {[%cal Rd5e4]} 23. Nc5 Bxc5 $1 24. Bxc5 Rxf4 25. Bd6 (25. c4 $15) 25... Rf5 $19 26. Qg4 (26. Qh4 $17) 26... Rd8 27. Qg3 e5 28. Qh3 Rf6 $40 {[%mdl 128] White is in trouble.} 29. Bc5 b6 30. Bg1 d4 {Strongly threatening ...e4.} 31. a4 (31. b4 $17 {was worth a try.}) 31... Qc8 32. Qh4 Nb4 33. R3d2 Rdf8 34. Qe4 (34. Re2 $142) 34... Qf5 35. Qe2 {And now Qc4+ would win.} Rc8 {[%cal Rc8c2]} 36. c4 $2 (36. Qb5 a5 37. Rc1) 36... dxc3 37. Rd8+ Rf8 38. Rxf8+ Qxf8 39. Rc1 c2 {Black is clearly winning.} 40. Be3 Qf5 41. Rf1 Qd3 42. Qf2 {White wants to mate with Qf7+.} Qxb3 43. Qg3 Na2 44. Qxe5 c1=Q 45. Bxc1 {Black must now prevent Bb2.} Nxc1 46. Qf5 {[%cal Rf5c8]} Qc4 47. Rf4 {[#]} Re8 $1 {[%mdl 512] ( -> ...Re1+)} 48. h4 Qe6 {Precision: White = 47%, Black = 68%.} 0-1

[Event "EIWCC 2018"]
[Site "Vysoke Tatry"]
[Date "2018.04.10"]
[Round "3"]
[White "Kashlinskaya, Alina"]
[Black "Ovod, Evgenija"]
[Result "1/2-1/2"]
[WhiteElo "2450"]
[BlackElo "2366"]
[Annotator "TA"]
[PlyCount "59"]
[EventDate "2018.??.??"]
[EventType "swiss"]
[EventCountry "SVK"]
[SourceTitle "playchess.com"]
[Source "ChessBase"]
[SourceQuality "1"]

{[%evp 27,59,4,31,12,10,0,35,-54,0,-48,-24,-36,0,0,0,0,0,0,0,-6,0,0,0,-6,0,0,0,0,0,0,0,-28,0,0]} 1. d4 Nf6 2. c4 e6 3. Nf3 d5 4. Nc3 c5 5. cxd5 Nxd5 6. e4 Nxc3 7. bxc3 cxd4 8. cxd4 Bb4+ 9. Bd2 Bxd2+ 10. Qxd2 O-O 11. Bc4 b6 12. O-O Bb7 13. Rfe1 Nd7 {[%cal Bb8d7,Bd7f6,Bf6d5,Bd5f4][%mdl 32]} 14. Rad1 Nf6 {LiveBook: 8 Games. D41: Queen's Gambit Declined: Semi-Tarrasch with 5 cxd5} (14... Rc8 15. Bb3 Re8 16. h3 Nf6 17. Qf4 Nh5 18. Qe5 Nf6 19. Qf4 Nh5 20. Qh2 h6 21. d5 exd5 22. exd5 Rxe1+ 23. Nxe1 {½-½ (57) So,W (2799)-Kramnik,V (2800) Berlin 2018}) 15. d5 exd5 16. exd5 Qd6 17. Qg5 $146 ({White should play} 17. Nd4 $14 Qc5 18. Rc1) ({Predecessor:} 17. Nh4 Ng4 18. g3 Ne5 19. Bf1 Qf6 20. f4 Ng6 21. Nxg6 hxg6 {½-½ (31) Pires,G (2098)-Fernandes,J (1682) Famalicao 2015}) 17... Rfd8 (17... h6 $15 18. Qf5 Rae8) 18. Nd4 {[#] Nf5 is the strong threat.} h6 19. Qh4 $1 Nxd5 ({Much weaker is} 19... Bxd5 20. Nf5 $14) 20. Nf5 Qf4 21. Qxf4 Nxf4 22. f3 Ne6 23. Nd6 Bc6 24. Nxf7 Kxf7 25. Bxe6+ Kf6 {[#] Threatens to win with ...Rxd1.} 26. Bb3 Rxd1 27. Rxd1 {aiming for Rd6+.} Ke7 28. Re1+ Kd7 29. Rd1+ Ke7 30. Re1+ {Precision: White = 61%, Black = 32%.} 1/2-1/2